00341nam a2200121Ia 4500008004100000020001800041041000800059082002700067100001900094245004600113260005100159300000900210230411s9999 xx 000 0 und d a81-239-0888-1 aeng aOG/617.9178/TAM/B01991 aTamkin Rabhani aInstruments in Obstetrics and Gynaecology bCBS Publishers & DistributorsaNew Delhic2003 a126p